| 000 | 00524nam a2200157 i 4500 | ||
|---|---|---|---|
| 001 | 27126 | ||
| 003 | ES-MaACL | ||
| 005 | 20230906153550.0 | ||
| 007 | t| | ||
| 008 | 030113s1961 sp ||||1| spa d | ||
| 100 | 1 |
_aArroniz, José Manuel. _923339 |
|
| 245 | 1 | 3 |
_aLa inmortalidad como deificación del hombre en S. Irineo _b: Seminario Diocesano de Vitoria / _cDiscurso por José Manuel Arroniz. |
| 260 |
_a[Vitoria : _bs.n., _c1961] ( _fGráf. Esset) |
||
| 300 |
_a30 p. ; _c26 cm. |
||
| 852 |
_aES-MaACL _j2028-F-28 _bR.48969 |
||
| 999 |
_c27126 _d27126 |
||